| 000 | 00893nas a2200253Ia 4500 | ||
|---|---|---|---|
| 001 | R137/A9849 | ||
| 003 | IT-RoPAU | ||
| 008 | 151124c99999999xx |||||||||||| ||und|| | ||
| 040 | _aIT-RoPAU | ||
| 040 | _cIT-RoPAU | ||
| 041 | _aITALIANO | ||
| 100 |
_aPasini Enrico _gCodice Aut. SPICS: 45751 |
||
| 210 | _aMULTIMEDIA | ||
| 222 | _aMultimedia | ||
| 245 |
_aMULTIMEDIA, ANNO 02-N.08 (1992) _bAntico E Il Nuovo (L')-2 |
||
| 250 | _a1a ed. | ||
| 260 |
_aTORINO _bSONDA _c1992 |
||
| 501 |
_bPaulus - SPICS - Società San Paolo EM (non-commercial uses only) _cCopyright2015 |
||
| 300 | _a6 p. [40-45] | ||
| 362 | _aANNO 002, N.08 (1992) | ||
| 500 | _aSeconda Parte del Saggio: Ruolo del Libro Stampato Come Modello Tecnologico Nei Confronti Delle Tecnologie con Cui è Realizzato. Costellazioni. Oblio e Reviviscenza. | ||
| 650 |
_aCOMUNICAZIONE _vPUBBLICAZIONE PERIODICA |
||
| 942 | _cCR | ||
| 999 |
_c112339 _d112339 |
||